00693nam a2200229Ia 450000500170000000800410001702000150005808200200007310000110009324501040010426000360020830000170024465000100026165000230027165000110029465000130030565000150031865000130033394200060034695200960035299900150044820250205010201.0240331s9999 xx 000 0 und d a8185107467 bRAM2602a305.4 aRam, K 0aMukkuvar Women:bGender, Hegemony and Capitalist Transformation in a South Indian Fishing Community aNew DelhibKali for Womenc1992 axix, 266 p., aWomen aMukkuvar Community aGender aHegemony aCapitalism aReligion cL 001040708LaWERCLbWERCLcSSCd2024-03-31l0o 305.4 RAMp602r2024-03-31w2024-03-31yL c1693d1693